Mystery Taylor Swift Song #119 - Statistics

General Stats
  • This quiz has been taken 228 times
  • The average score is 85 of 150
Answer Stats
Song % Correct
I
98%
you
94%
a
92%
the
92%
an
88%
And
88%
Your
88%
evermore
87%
I'm
86%
In
86%
me
86%
it
84%
My
84%
to
84%
where
84%
be
83%
He
82%
On
82%
we
82%
do
81%
is
80%
it's
80%
if
78%
so
78%
all
77%
of
77%
but
76%
now
76%
that
76%
this
76%
What
76%
for
74%
are
73%
I'd
73%
know?
73%
know
73%
can't
71%
fear
71%
don't
70%
out?
69%
see
69%
been
67%
from
67%
just
67%
Oh
67%
ivy
65%
one
65%
He's
64%
mine
64%
here
63%
time
63%
us
63%
would
63%
day
61%
every
61%
house
57%
long
57%
covered
56%
eyes
56%
hand
56%
only
56%
yeah
56%
yours
56%
grows
55%
wait
55%
How's
54%
life
54%
meet
54%
goddamn
53%
another
52%
palm
52%
sit
52%
stone
52%
Stop
52%
tell
52%
wants
51%
gonna
50%
land
50%
meets
50%
Or
50%
pain
50%
spirit
50%
war
50%
wish
50%
found
49%
room
49%
started
49%
bones
48%
does
48%
fight
48%
fits
48%
freezing
48%
living
48%
promised
48%
putting
48%
what's
48%
dark
47%
dreamland
47%
snow
47%
fire
46%
forgotten
46%
makes
46%
old
46%
roots
46%
burn
45%
glow
45%
ground
45%
opal
45%
Taking
45%
cursed
44%
goes
44%
Grieving
44%
live
44%
touch
44%
faith
43%
brought
42%
blaze
41%
die
41%
husband's
41%
Magnificently
41%
run
41%
Tarnished
41%
watch
41%
wine
41%
breaks
40%
drink
40%
grand
40%
we'll
40%
widow
40%
flaw
39%
incandescent
39%
near
39%
Spring
39%
fatal
38%
forth
38%
loose
38%
become
37%
borrowed
37%
moments
36%
stole
35%
fields
34%
begged
33%
blooms
32%
dare
31%
clear
30%
coast
29%
Clover
28%
Crescent
23%
moon
22%
No matching quizzes found
Score Distribution
Percent of People with Each Score
Percentile by Number Answered
Your Score History
You have not taken this quiz